UBT Library

Joseph in Egypt ... (Record no. 39001)

000 -LEADER
fixed length control field 00441cam a2200193u 4500
001 - CONTROL NUMBER
control field 8607701
005 - DATE AND TIME OF LATEST TRANSACTION
control field 20171215052549.0
008 - FIXED-LENGTH DATA ELEMENTS--GENERAL INFORMATION
fixed length control field 821124s1938 xx 000 0beng
010 ## - LIBRARY OF CONGRESS CONTROL NUMBER
LC control number unk82051817
040 ## - CATALOGING SOURCE
Original cataloging agency DLC
Transcribing agency CarP
Modifying agency DLC
041 ## - LANGUAGE CODE
Language code of text/sound track or separate title eng
080 ## - UNIVERSAL DECIMAL CLASSIFICATION NUMBER
Universal Decimal Classification number 82 THO
082 ## - DEWEY DECIMAL CLASSIFICATION NUMBER
Classification number 82 THO
100 1# - Rafti
Rafti 21
101 ## - Shkurtesa
Shkurtesa GJU
245 10 - TITLE STATEMENT
Title Joseph in Egypt ...
906 ## - LOCAL DATA ELEMENT F, LDF (RLIN)
a 0
b cbc
c premunv
d u
e ncip
f 19
g y-gencatlg
942 ## - ADDED ENTRY ELEMENTS (KOHA)
Source of classification or shelving scheme
Item type Books
Holdings
Withdrawn status Lost status Source of classification or shelving scheme Damaged status Not for loan Collection code Permanent location Current location Shelving location Date acquired Total Checkouts Full call number Barcode Date last seen Price effective from Koha item type
          Koleksioni i përgjithshem UBT - Lipjan UBT - Lipjan Koleksioni i përgjithshem 12/15/2017   82 THO 002-2939136 12/15/2017 12/15/2017 Books
          Koleksioni i përgjithshem UBT - Lipjan UBT - Lipjan Koleksioni i përgjithshem 12/15/2017   82 THO 002-2939131 12/15/2017 12/15/2017 Books
UBT Library © 2015-2024. All rights reserved University Education for Business and Technology